000 00242 a2200097 4500
090 _c4383
_d4383
100 _aDr.P.P.Pandit
245 _aTop Winning letters
260 _aGoodwill Publishing House
_bNew Delhi
942 _aNBS
_cBK
_k808.06651 PAN
999 _c346828
_d346828